Melindres poéticos y literarios / (Record no. 183051)

MARC details
000 -LEADER
campo de control de longitud fija 00838nam a2200229 i 4500
001 - NÚMERO DE CONTROL
campo de control 183051
003 - IDENTIFICADOR DE NÚMERO DE CONTROL
campo de control ES-MaACL
005 - FECHA Y HORA DE LA ÚLTIMA TRANSACCIÓN
campo de control 20250626063220.0
008 - DATOS DE LONGITUD FIJA--INFORMACIÓN GENERAL
campo de control de longitud fija 140114s2012 sp |||| | spa d
020 ## - NÚMERO INTERNACIONAL ESTÁNDAR DEL LIBRO
Número Internacional Estándar del Libro 978-84-612-4244-3
080 ## - NÚMERO DE LA CLASIFICACIÓN DECIMAL UNIVERSAL
Número de la Clasificación Decimal Universal 821.134.2-14"19"
100 1# - ENTRADA PRINCIPAL--NOMBRE DE PERSONA
Nombre de persona Blanco León, Conrado,
Fechas asociadas al nombre 1888-1968
9 (RLIN) 154167
245 10 - MENCIÓN DEL TÍTULO
Título Melindres poéticos y literarios /
Mención de responsabilidad, etc. Conrado Blanco León ; textos recogidos por Conrado Blanco González.
250 ## - MENCION DE EDICION
Mención de edición 5ª ed.
260 ## - PUBLICACIÓN, DISTRIBUCIÓN, ETC.
Lugar de publicación, distribución, etc. La Bañeza, León :
Nombre del editor, distribuidor, etc. Monte Riego,
Fecha de publicación, distribución, etc. 2012.
300 ## - DESCRIPCIÓN FÍSICA
Extensión 158 p. :
Otras características físicas il. ;
Dimensiones 21 cm.
700 1# - ENTRADA AGREGADA--NOMBRE PERSONAL
Nombre de persona Blanco González, Conrado.
9 (RLIN) 29262
852 ## - LOCALIZACIÓN
Ubicación ES-MaACL
Número de control de estantería A-13005
itemnumber 189985
Sublocalización o colección R.149100
Ubicación en estantería Depósito 1
Signatura antigua Olim: N-6005
Encuadernación Donación: Conrado Blanco González
903 ## - NOMBRE PERSONAL DE DONANTE
9 29262
a Blanco González, Conrado
e Donante
942 ## - ELEMENTOS DE ENTRADA SECUNDARIOS (KOHA)
Fuente del sistema de clasificación o colocación Clasificación decimal universal
Tipo de ítem Koha Libro impreso
Holdings
Estatus retirado Estado de pérdida Fuente del sistema de clasificación o colocación Estado de daño No para préstamo Biblioteca de origen Biblioteca actual Ubicación en estantería Fecha de adquisición Fuente de adquisición Total de préstamos Signatura topográfica completa Código de barras Visto por última vez Precio de reemplazo Tipo de ítem Koha
    Clasificación decimal universal     Biblioteca del Ateneo de Madrid Biblioteca del Ateneo de Madrid Depósito 1 14/01/2014 Donación   A-13005 1192390 23/02/2023 23/02/2023 Libro impreso